[Event " "]
[Site "Cappelle la Grande"]
[Date "11.??.??"]
[Round "7.2"]
[White "Tirard, Hugo"]
[Black "Jossien, Remy"]
[Result "1-0"]
[WhiteElo "2466"]
[BlackElo "2276"]
[PlyCount "83"]
[EventDate "11.??.??"]
[WhiteTeam "Deauville"]

1. e4 e5 2. Nf3 Nc6 3. Bb5 a6 4. Ba4 Bc5 5. O-O d6 6. c3 f6 7. d4 Ba7 8. dxe5
fxe5 9. Bg5 Nf6 10. Nbd2 O-O 11. Qe2 Qe8 12. Be3 Nh5 13. Bxa7 Rxa7 14. Kh1 Nf4
15. Qe3 Ra8 16. g3 Nh5 17. Nh4 Kh8 18. f3 Qe7 19. Ng2 Bd7 20. Rf2 Rf7 21. Re1
Raf8 22. Bd1 Bh3 23. Kg1 g6 24. Qh6 Be6 25. Nh4 Qf6 26. Nf1 Ne7 27. Ng2 Ng8 28.
Qd2 Qe7 29. f4 exf4 30. Bxh5 gxh5 31. Nxf4 h4 32. Qd4+ Qf6 33. Ng6+ hxg6 34.
Rxf6 Rxf6 35. e5 dxe5 36. Qxh4+ Kg7 37. Nd2 Nh6 38. Ne4 Nf5 39. Qg5 R6f7 40. g4
Bd5 41. gxf5 Rxf5 42. Qd2 1-0

[Event " "]
[Site "Cappelle la Grande"]
[Date "11.??.??"]
[Round "7.3"]
[White "Jossien, Arnaud"]
[Black "Godard, Maxence"]
[Result "1-0"]
[WhiteElo "2327"]
[BlackElo "2310"]
[PlyCount "113"]
[EventDate "11.??.??"]
[WhiteTeam "Cappelle la Grande"]
[BlackTeam "Deauville"]

1. e4 c6 2. d4 d5 3. Nd2 g6 4. Ngf3 Bg7 5. Bd3 Nh6 6. O-O O-O 7. Re1 dxe4 8.
Nxe4 Nf5 9. c3 Qc7 10. Qe2 Nd7 11. Neg5 e6 12. h4 Nf6 13. h5 Nxh5 14. g4 Nf4
15. Bxf4 Qxf4 16. gxf5 Bh6 17. Nh3 Qg4+ 18. Kh2 exf5 19. Rg1 Bf4+ 20. Nxf4
Qxf4+ 21. Rg3 Be6 22. Qe5 Qxe5 23. dxe5 f4 24. Rgg1 Rad8 25. Be4 c5 26. b3 b6
27. Rad1 h6 28. c4 Kg7 29. Bd5 Bc8 30. Nd2 Rfe8 31. Rge1 g5 32. Nb1 h5 33. Nc3
Bd7 34. a4 g4 35. Rd2 h4 36. Kg2 g3 37. fxg3 hxg3 38. Kf3 Rh8 39. Kxf4 Rh4+ 40.
Kf3 Bg4+ 41. Ke3 Re8 42. Rg2 Rxe5+ 43. Kd2 Rxe1 44. Kxe1 f5 45. Rxg3 Kf6 46.
Bf3 Bxf3 47. Rxf3 Ke5 48. Kd2 f4 49. Kd3 Kf5 50. Nd5 Ke5 51. Ne7 Rh6 52. Nd5
Rh4 53. Rf2 Rh3+ 54. Kc2 Rh4 55. Re2+ Kd4 56. Nc3 f3 57. Nb5# 1-0

[Event " "]
[Site "Cappelle la Grande"]
[Date "11.??.??"]
[Round "7.4"]
[White "Coursaget, Nicolas"]
[Black "Hareux, Hubert"]
[Result "1/2-1/2"]
[WhiteElo "2316"]
[BlackElo "2230"]
[PlyCount "62"]
[EventDate "11.??.??"]
[WhiteTeam "Deauville"]

1. d4 e6 2. c4 Nf6 3. Nf3 b6 4. g3 Ba6 5. Qc2 c5 6. Bg2 Nc6 7. dxc5 Bxc5 8. O-O
O-O 9. a3 Rc8 10. b4 Nd4 11. Qa4 Nxf3+ 12. Bxf3 Bd4 13. Qxa6 Bxa1 14. Bf4 d5
15. Rd1 Qe7 16. c5 e5 17. Be3 d4 18. Bg5 bxc5 19. bxc5 e4 20. Bg2 Rxc5 21. Bxf6
Qxf6 22. Qxf6 gxf6 23. Nd2 Bb2 24. Nxe4 Rc1 25. Rxc1 Bxc1 26. a4 Kg7 27. Nd6
Bb2 28. Be4 $11 Rd8 29. Nf5+ Kf8 30. h4 Bc3 31. Kg2 Rb8 $11 1/2-1/2

[Event " "]
[Site "Cappelle la Grande"]
[Date "11.??.??"]
[Round "7.5"]
[White "Platel, Alexandre"]
[Black "Canonne, Antoine"]
[Result "1/2-1/2"]
[WhiteElo "2194"]
[BlackElo "2065"]
[PlyCount "143"]
[EventDate "11.??.??"]
[WhiteTeam "Cappelle la Grande"]
[BlackTeam "Deauville"]

1. e4 c5 2. Nf3 e6 3. c3 d5 4. exd5 exd5 5. d4 Nf6 6. Be3 Qb6 7. dxc5 Bxc5 8.
Bxc5 Qxc5 9. Nbd2 O-O 10. Be2 Nc6 11. Nb3 Qb6 12. O-O Bf5 13. a4 Rad8 14. a5
Qc7 15. Nfd4 Bg6 16. a6 b6 17. Nxc6 Qxc6 18. Nd4 Qc7 19. Bb5 Ne4 20. Bc6 Nc5
21. Re1 Rd6 22. Bb5 Ne6 23. Bf1 Nxd4 24. Qxd4 Rfd8 25. Rad1 Kf8 26. Rd2 Qc5 27.
Qh4 f6 28. Rd4 Qc7 29. Red1 h6 30. Qg3 Bh5 31. R1d2 R8d7 32. Bb5 Re7 33. f3 Qc5
34. b4 Qc7 35. c4 Bf7 36. h4 Re5 37. Kh2 g5 38. cxd5 Qc3 39. Bc6 Qe3 40. Qg4
gxh4 41. Qc8+ Kg7 42. Qc7 h5 43. Be8 Rxe8 44. Qxd6 Re5 45. Qd7 Qe1 46. Qh3 Qb1
47. Qxh4 Re1 48. Qg3+ Kh7 49. Qc7 Rh1+ 50. Kg3 Qe1+ 51. Rf2 Kg6 52. Qc2+ Kg7
53. Qe2 Qc1 54. Qd2 Qg1 55. Kf4 Qb1 56. g4 Qg6 57. Kg3 h4+ 58. Kg2 Qb1 59. f4
Qg1+ 60. Kf3 Rh3+ 61. Ke2 Qxg4+ 62. Ke1 Rh1+ 63. Rf1 Rh3 64. Rd3 Rg3 $11 65.
Rxg3 Qxg3+ 66. Rf2 Bh5 67. Kf1 h3 68. d6 Qb3 69. Kg1 Qg3+ 70. Kf1 Qb3 71. Kg1
Qg3+ 72. Kf1 1/2-1/2

[Event " "]
[Site "Cappelle la Grande"]
[Date "11.??.??"]
[Round "7.6"]
[White "Meaux, Xavier"]
[Black "Astolfi, Frederic"]
[Result "0-1"]
[WhiteElo "2087"]
[BlackElo "2174"]
[PlyCount "96"]
[EventDate "11.??.??"]
[WhiteTeam "Deauville"]

1. d4 d5 2. Nf3 Nf6 3. e3 c5 4. c3 g6 5. Bd3 Bg7 6. Nbd2 Nbd7 7. O-O O-O 8. Re1
Qc7 9. e4 dxe4 10. Nxe4 Nxe4 11. Bxe4 Nf6 12. dxc5 Nxe4 13. Rxe4 Bf5 14. Bf4
Qxc5 15. Rb4 e5 16. Be3 Qc6 17. Qe2 Rfd8 18. Rd1 Rd7 19. Rxd7 Qxd7 20. h3 b6
21. Ng5 Rd8 22. Kh2 h6 23. Ne4 a5 24. Rc4 b5 25. Nc5 Qd1 26. Qxd1 Rxd1 27. g4
Bc2 28. Re4 f5 29. gxf5 gxf5 30. Rh4 f4 31. Rg4 Bf5 32. Rg2 fxe3 33. fxe3 e4
34. Rf2 Rd5 35. Nb3 a4 36. Nd4 Bd7 37. h4 Rh5 38. a3 Rxh4+ 39. Kg3 Rg4+ 40. Kh2
Be5+ 41. Kh1 Rg5 42. Ne2 h5 43. Nf4 Bg4 44. Kh2 Rf5 45. Kg3 Bxf4+ 46. exf4 e3
47. Rf1 e2 48. Re1 Rd5 0-1

[Event " "]
[Site "Cappelle la Grande"]
[Date "11.??.??"]
[Round "7.7"]
[White "Couche, Didier"]
[Black "Fruteau, Sabine"]
[Result "1/2-1/2"]
[WhiteElo "2111"]
[BlackElo "2159"]
[PlyCount "139"]
[EventDate "11.??.??"]
[WhiteTeam "Cappelle la Grande"]
[BlackTeam "Deauville"]

1. d4 Nf6 2. c4 e6 3. Nf3 d5 4. Bg5 Be7 5. Nc3 c6 6. e3 Nbd7 7. Rc1 h6 8. Bh4
Ne4 9. Bxe7 Qxe7 10. Bd3 f5 11. O-O O-O 12. Ne2 Qf6 13. Bb1 a5 14. Nf4 g5 15.
Nd3 Rf7 16. Nfe5 Rg7 17. f3 Nd6 18. c5 Nf7 19. Nxf7 Qxf7 20. f4 g4 21. Bc2 Qh5
22. Rb1 Qh4 23. Qe1 Qxe1 24. Rfxe1 Nf6 25. Ne5 Bd7 26. Rec1 Be8 27. Bd3 Bh5 28.
g3 Be8 29. Kg2 h5 30. Rh1 h4 31. Rbg1 Kf8 32. gxh4 Rh7 33. h3 Bh5 34. Kf2 Rg7
35. Rg3 Ke7 36. Rhg1 Rag8 37. Ke1 Kf8 38. hxg4 Bxg4 39. Nxg4 Rxg4 40. Rxg4 fxg4
41. Kf2 Kg7 42. h5 Kh6 43. Bg6 Rg7 44. Kg3 Nxh5+ 45. Bxh5 Kxh5 46. Rh1+ Kg6 47.
Kxg4 b6 $11 48. cxb6 Rb7 49. Rh8 Rxb6 50. Ra8 Rb5 51. Ra6 Rxb2 52. Rxa5 Kf6 53.
a4 Rb3 54. Kf3 Ke7 55. Ra7+ Kd8 56. Ra5 Ra3 57. Rc5 Rxa4 58. Rxc6 Ke7 59. Rc3
Kf6 60. Rd3 Kf5 61. Rd1 Ra3 62. Rg1 Kf6 63. Rg5 Ra1 64. Re5 Rd1 65. Ke2 Ra1 66.
e4 Ra2+ 67. Kf3 Ra3+ 68. Kg4 dxe4 69. Rxe4 Rd3 70. Re5 1/2-1/2

[Event " "]
[Site "Cappelle la Grande"]
[Date "11.??.??"]
[Round "7.8"]
[White "Basic, Bosko"]
[Black "Husson, Cybele"]
[Result "1-0"]
[WhiteElo "2030"]
[BlackElo "2056"]
[PlyCount "63"]
[EventDate "11.??.??"]
[WhiteTeam "Deauville"]

1. d4 g6 2. Nf3 Bg7 3. g3 d6 4. e4 Nd7 5. Bg2 e5 6. c3 Ne7 7. O-O O-O 8. Be3 f5
9. Qb3+ Kh8 10. Ng5 Nf6 11. dxe5 Ng4 12. Nf7+ Rxf7 13. Qxf7 Nxe5 14. Qb3 a5 15.
a4 Qf8 16. Nd2 c6 17. Nf3 Nxf3+ 18. Bxf3 fxe4 19. Bxe4 Bg4 20. Bd4 Bxd4 21.
cxd4 Nf5 22. Bxf5 Qxf5 23. f3 Bh3 24. Rf2 b5 25. axb5 cxb5 26. Re1 Rc8 27. Rfe2
Kg7 28. Re7+ Kf8 29. Qe3 Qf6 30. Qh6+ Kg8 31. Re8+ Kf7 32. Qf8# 1-0

[Event " "]
[Site "Bois-Colombes"]
[Date "11.??.??"]
[Round "7.1"]
[White "Gharamian, Tigran"]
[Black "Todorov, Todor"]
[Result "1/2-1/2"]
[WhiteElo "2477"]
[BlackElo "2493"]
[PlyCount "87"]
[EventDate "11.??.??"]
[WhiteTeam "Lille"]
[BlackTeam "Bois-Colombes"]

1. e4 g6 2. d4 Bg7 3. Nc3 c6 4. f4 d5 5. e5 Nh6 6. Nf3 Bg4 7. Be3 f6 8. Be2 O-O
9. h3 Bxf3 10. Bxf3 e6 11. O-O Nf5 12. Bf2 fxe5 13. dxe5 Nd7 14. Ne2 Qe7 15. g4
Nh6 16. g5 Nf5 17. Qd2 b5 18. h4 a5 19. a4 b4 20. Bg4 c5 21. Kg2 Nb6 22. Qd3 d4
23. c4 dxc3 24. bxc3 c4 25. Qe4 Nd5 26. cxb4 axb4 27. Bxf5 Rxf5 28. Qxc4 Raf8
29. Qc6 Qf7 30. Bc5 Bxe5 31. Bxf8 Bxa1 32. Rxa1 Kxf8 33. Nd4 Nxf4+ 34. Kh2 Rd5
35. Rf1 Kg8 36. Qc8+ Kg7 37. Nxe6+ Qxe6 38. Qc7+ Qd7 39. Qxd7+ Rxd7 40. Rxf4
Rb7 41. a5 b3 42. Rf1 b2 43. Rb1 Kf7 44. a6 1/2-1/2

[Event " "]
[Site "Bois-Colombes"]
[Date "11.??.??"]
[Round "7.2"]
[White "Guichard, Pauline"]
[Black "Bouhallel, Rabah"]
[Result "1-0"]
[WhiteElo "2294"]
[BlackElo "2329"]
[PlyCount "85"]
[EventDate "11.??.??"]
[WhiteTeam "Bois-Colombes"]

1. d4 e6 2. c4 c5 3. d5 exd5 4. cxd5 d6 5. Nc3 Ne7 6. e4 Ng6 7. Be2 Be7 8. Nf3
O-O 9. O-O Re8 10. Be3 Bf6 11. Nd2 Nd7 12. f4 a6 13. a4 Bd4 14. Bxd4 cxd4 15.
Na2 Nc5 16. f5 Nf8 17. Bf3 Bd7 18. Nc1 Rc8 19. Ne2 Qg5 20. b3 b5 21. Kh1 d3 22.
Nc1 bxa4 23. b4 Nb7 24. Nxd3 Bb5 25. Be2 Nd7 26. Rf3 Qf6 27. Nf4 Qd4 28. Bxb5
axb5 29. Nh5 g6 30. fxg6 fxg6 31. Nf4 Ne5 32. Rg3 Rc3 33. Ne2 Nd3 34. Nxd4 Nf2+
35. Kg1 Nxd1 36. Rxd1 Rxg3 37. hxg3 Ra8 38. Nxb5 a3 39. Ra1 Ra4 40. Rxa3 Rxb4
41. Rb3 Ra4 42. Nc3 Ra7 43. Rb6 1-0

[Event " "]
[Site "Bois-Colombes"]
[Date "11.??.??"]
[Round "7.3"]
[White "Julve, Philippe"]
[Black "Dumitran, Octavian"]
[Result "0-1"]
[WhiteElo "2236"]
[BlackElo "2269"]
[PlyCount "56"]
[EventDate "11.??.??"]
[WhiteTeam "Lille"]
[BlackTeam "Bois-Colombes"]

1. d4 Nf6 2. c4 c6 3. Nc3 d5 4. Nf3 a6 5. c5 g6 6. Bf4 Bg7 7. e3 O-O 8. h3 Nbd7
9. b4 Ne4 10. Rc1 Nxc3 11. Rxc3 b6 12. cxb6 Qxb6 13. Qa4 a5 14. Rb3 Ba6 15.
bxa5 Qa7 16. Ra3 Rfc8 17. g4 Bf8 18. Rc3 Bb5 19. Qb3 Qxa5 20. Nd2 Ba4 21. Qb2
c5 22. Bg2 cxd4 23. Rxc8 Rxc8 24. exd4 Rc2 25. Qb7 Bb5 26. Kd1 Qa4 27. Qxd5
Rc3+ 28. Nb3 Bc6 0-1

[Event " "]
[Site "Bois-Colombes"]
[Date "11.??.??"]
[Round "7.4"]
[White "Chomet, Pascal"]
[Black "Cappon, John"]
[Result "1-0"]
[WhiteElo "2352"]
[BlackElo "2224"]
[PlyCount "73"]
[EventDate "11.??.??"]
[WhiteTeam "Bois-Colombes"]

1. e4 c5 2. Nf3 e6 3. d4 cxd4 4. Nxd4 a6 5. Bd3 Qc7 6. f4 d6 7. Nc3 Nf6 8. Qe2
Nbd7 9. g4 Nc5 10. g5 Nfd7 11. Bd2 g6 12. h4 Bg7 13. Nf3 b5 14. h5 Bb7 15. h6
Bf8 16. b4 Nxd3+ 17. cxd3 Be7 18. Rc1 Rc8 19. O-O Qb8 20. Be3 O-O 21. Qb2 e5
22. Nh4 Qa8 23. f5 d5 24. fxg6 hxg6 25. Qb3 Rxc3 26. Rxc3 Qd8 27. exd5 Bxg5 28.
Bxg5 Qxg5+ 29. Ng2 Nf6 30. Rc6 Ng4 31. d4 Qxh6 32. Qg3 Qh5 33. dxe5 Bxc6 34.
dxc6 Nxe5 35. Nf4 Qh6 36. c7 Nc4 37. Nd5 1-0

[Event " "]
[Site "Bois-Colombes"]
[Date "11.??.??"]
[Round "7.5"]
[White "Vallet, Marc"]
[Black "Shoker, Samy"]
[Result "1-0"]
[WhiteElo "2190"]
[BlackElo "2353"]
[PlyCount "90"]
[EventDate "11.??.??"]
[WhiteTeam "Lille"]
[BlackTeam "Bois-Colombes"]

1. e4 c5 2. Nf3 e6 3. d3 Nc6 4. g3 d6 5. Bg2 g6 6. O-O Bg7 7. Nc3 Rb8 8. Be3
Nd4 9. Qd2 b5 10. Nd1 b4 11. c3 bxc3 12. bxc3 Nxf3+ 13. Bxf3 Qa5 14. Bf4 Rb6
15. Rc1 Ne7 16. Bh6 O-O 17. Bxg7 Kxg7 18. Ne3 Ba6 19. Bd1 Rfb8 20. Bb3 h5 21.
f4 Nc6 22. f5 Ne5 23. fxe6 fxe6 24. Bxe6 Bxd3 25. Nf5+ Kf6 26. Nd4+ Kg7 27.
Nf5+ Kf6 28. Bb3 Rxb3 29. axb3 gxf5 30. Rxf5+ Ke7 31. Rxe5+ dxe5 32. Qxd3 Qb6
33. Qc4 Rc8 34. Ra1 Rc6 35. Kg2 Rf6 36. Qd5 c4 37. Qxe5+ Kf8 38. b4 Qf2+ 39.
Kh3 Kg7 40. Ra6 Kg6 41. Rxf6+ Qxf6 42. Qxf6+ Kxf6 43. Kg2 Ke5 44. Kf3 a6 45. h3
a5 1-0

[Event " "]
[Site "Bois-Colombes"]
[Date "11.??.??"]
[Round "7.6"]
[White "Bremond, Eric"]
[Black "Levaux, Christian"]
[Result "0-1"]
[WhiteElo "2241"]
[BlackElo "2051"]
[PlyCount "94"]
[EventDate "11.??.??"]
[WhiteTeam "Bois-Colombes"]

1. e4 e6 2. d4 d5 3. Nd2 Nf6 4. e5 Nfd7 5. c3 c5 6. f4 Nc6 7. Ndf3 cxd4 8. cxd4
Nb6 9. Bd3 Bd7 10. Ne2 a5 11. O-O Nb4 12. Bb1 a4 13. Nc3 g6 14. a3 Nc6 15. Bc2
Ne7 16. g4 Bg7 17. h3 O-O 18. Ne1 f6 19. Rf3 fxe5 20. fxe5 Rxf3 21. Nxf3 Qe8
22. Rb1 Nc4 23. Nxa4 Bxa4 24. b3 Bc6 25. bxc4 dxc4 26. Ng5 Qd7 27. Bb2 Nd5 28.
Qe1 Rf8 29. Qh4 Bh8 30. Be4 Qe7 31. Rc1 Nf4 32. Bxc6 bxc6 33. Kh2 Nd3 34. Rc2
c5 35. Bc3 cxd4 36. Bxd4 Nxe5 37. Re2 Qxg5 38. Qxg5 Nf3+ 39. Kg2 Nxg5 40. Bxh8
Kxh8 41. h4 Nf7 42. Rxe6 Rc8 43. Re2 c3 44. Rc2 Ne5 45. Kg3 Rc4 46. g5 Nd3 47.
a4 Nb4 0-1

[Event " "]
[Site "Bois-Colombes"]
[Date "11.??.??"]
[Round "7.7"]
[White "Delescluse, Philippe"]
[Black "Bernard, Vincent"]
[Result "0-1"]
[WhiteElo "1912"]
[BlackElo "2215"]
[PlyCount "94"]
[EventDate "11.??.??"]
[WhiteTeam "Lille"]
[BlackTeam "Bois-Colombes"]

1. e4 c5 2. Nf3 Nc6 3. d4 cxd4 4. Nxd4 g6 5. Nc3 Bg7 6. Be3 Nf6 7. f3 O-O 8.
Qd2 d5 9. Nxc6 bxc6 10. e5 Nd7 11. f4 e6 12. Na4 Nxe5 13. Bd4 Nd7 14. Bxg7 Kxg7
15. Qc3+ Qf6 16. Qxf6+ Kxf6 17. Be2 Rb8 18. O-O Kg7 19. Rad1 Nf6 20. Bd3 c5 21.
Nxc5 Rxb2 22. Rb1 Rxa2 23. Ra1 Rxa1 24. Rxa1 a6 25. Nxa6 Bxa6 26. Rxa6 Rc8 27.
Ra2 Rc7 28. Kf1 h5 29. Ke1 Ng4 30. h3 Ne3 31. Kf2 Nd1+ 32. Kf3 Nc3 33. Ra6 Ne4
34. Ra2 Nc5 35. Be2 Nd7 36. Bb5 Rc3+ 37. Kf2 Nf6 38. Bd3 h4 39. Ke3 Nh5 40. Kd4
Rc6 41. Ke3 Rb6 42. Be2 Rb4 43. Bxh5 gxh5 44. Kf3 Rc4 45. g3 Rc3+ 46. Kf2 hxg3+
47. Kg2 h4 0-1

[Event " "]
[Site "Bois-Colombes"]
[Date "11.??.??"]
[Round "7.8"]
[White "Lourmande, Christophe"]
[Black "Delescluse, Oriane"]
[Result "1-0"]
[WhiteElo "2121"]
[BlackElo "1740"]
[PlyCount "63"]
[EventDate "11.??.??"]
[WhiteTeam "Bois-Colombes"]

1. e4 d6 2. d4 Nf6 3. Bd3 e5 4. c3 Be6 5. Nf3 Bg4 6. h3 Bxf3 7. Qxf3 Nc6 8. d5
Ne7 9. Bg5 Nd7 10. O-O f6 11. Bh4 Ng6 12. Qh5 a6 13. Nd2 Nc5 14. Bc2 Qd7 15.
Bd1 Qf7 16. b4 Nd7 17. Bg4 O-O-O 18. Nb3 Be7 19. Bg3 Rdf8 20. b5 Qe8 21. bxa6
b6 22. Qf5 Qd8 23. a7 Kb7 24. Qxd7 Qxd7 25. Bxd7 Kxa7 26. Rab1 Rb8 27. c4 Rbd8
28. Bc6 Nf8 29. Nc1 Nd7 30. Rb3 Nc5 31. Ra3+ Na6 32. Bb5 1-0

[Event " "]
[Site "Guingamp"]
[Date "11.??.??"]
[Round "7.1"]
[White "Inkiov, Ventzislav"]
[Black "Le Roux, Jean-Pierre"]
[Result "1-0"]
[WhiteElo "2510"]
[BlackElo "2486"]
[PlyCount "73"]
[EventDate "11.??.??"]
[WhiteTeam "Migné-Auxances"]
[BlackTeam "Guingamp"]

1. d4 d5 2. c4 dxc4 3. e4 Nf6 4. Nc3 e5 5. Nf3 exd4 6. Qxd4 Bd6 7. Bg5 Nc6 8.
Qxc4 h6 9. Bh4 Be6 10. Qa4 O-O 11. O-O-O Qe7 12. Nd5 Bxd5 13. exd5 Nb4 14. Bxf6
Qxf6 15. a3 Qf4+ 16. Kb1 Qf5+ 17. Ka1 Nxd5 18. Bd3 Nb6 19. Qb3 Qf6 20. h4 Rfe8
21. g4 Qe6 22. Qc3 Na4 23. Qc2 Nc5 24. Nd4 Qe5 25. g5 Nxd3 26. Qxd3 h5 27. g6
fxg6 28. Qxg6 Rf8 29. Rhe1 Rf6 30. Qg2 Qf4 31. Qxb7 Raf8 32. Qd5+ Kh8 33. Ne6
Qf5 34. Nxf8 Rxf8 35. Re8 Qg4 36. Rxf8+ Bxf8 37. Rd4 1-0

[Event " "]
[Site "Guingamp"]
[Date "11.??.??"]
[Round "7.2"]
[White "Terrieux, Kevin"]
[Black "Bojkov, Dejan"]
[Result "0-1"]
[WhiteElo "2332"]
[BlackElo "2474"]
[PlyCount "72"]
[EventDate "11.??.??"]
[WhiteTeam "Guingamp"]

1. d4 d5 2. c4 c6 3. cxd5 cxd5 4. Nf3 Nc6 5. Nc3 Nf6 6. Bf4 a6 7. e3 Bg4 8. Qb3
Na5 9. Qa4+ Bd7 10. Qc2 e6 11. Bd3 Rc8 12. Ne5 Bb4 13. O-O h6 14. a3 Bxc3 15.
bxc3 O-O 16. h3 Bb5 17. Bxb5 axb5 18. Qb2 Ne4 19. Rfc1 Qe8 20. f3 Nd6 21. Qb4
Ndc4 22. Nxc4 Nxc4 23. Rab1 Rc6 24. e4 Qc8 25. Re1 Rd8 26. Bc1 Qc7 27. e5 Ra8
28. f4 Qa5 29. Qb3 Nxa3 30. Bxa3 Qxa3 31. Qxa3 Rxa3 32. Rxb5 Rcxc3 33. Rxb7 Rc2
34. Kh2 Rf3 35. f5 Rxf5 36. Re3 Rg5 0-1

[Event " "]
[Site "Guingamp"]
[Date "11.??.??"]
[Round "7.3"]
[White "Picard, Romain"]
[Black "Alanic, Xavier"]
[Result "0-1"]
[WhiteElo "2324"]
[BlackElo "2244"]
[PlyCount "56"]
[EventDate "11.??.??"]
[WhiteTeam "Migné-Auxances"]
[BlackTeam "Guingamp"]

1. e4 c6 2. d4 d5 3. e5 c5 4. Nf3 cxd4 5. Nxd4 e6 6. c4 Bc5 7. Nc3 Ne7 8. cxd5
exd5 9. Bb5+ Nbc6 10. O-O O-O 11. Nxc6 bxc6 12. Bd3 Ng6 13. Qh5 Re8 14. Bf4 Bd4
15. Rae1 Qb6 16. Nd1 Ba6 17. Bxa6 Qxa6 18. Bg3 Qxa2 19. Kh1 Qc4 20. f4 Nf8 21.
f5 Bxe5 22. Ne3 Qb5 23. Ng4 Bxg3 24. hxg3 Rxe1 25. Rxe1 Qb4 26. Re2 f6 27. Qh4
Qd6 28. Kh2 a5 0-1

[Event " "]
[Site "Guingamp"]
[Date "11.??.??"]
[Round "7.4"]
[White "Alanic, Mickael"]
[Black "Bedouin, Xavier"]
[Result "0-1"]
[WhiteElo "2230"]
[BlackElo "2338"]
[PlyCount "64"]
[EventDate "11.??.??"]
[WhiteTeam "Guingamp"]

1. e4 Nf6 2. d3 d5 3. Nd2 e5 4. Ngf3 Nc6 5. h3 Bc5 6. g4 dxe4 7. dxe4 Bxg4 8.
hxg4 Nxg4 9. Nd4 Nxf2 10. Kxf2 Qxd4+ 11. Kg2 Qf2+ 12. Kh3 O-O-O 13. Qe2 Qf6 14.
Nf3 Kb8 15. Bg5 Qe6+ 16. Kh2 f6 17. Bh3 Qe7 18. Bh4 g5 19. Bg3 h5 20. Bf5 Nd4
21. Nxd4 exd4 22. Rad1 h4 23. Bf2 Bd6+ 24. Kg2 c5 25. Qc4 h3+ 26. Kf3 Qe5 27.
Rdg1 Qf4+ 28. Ke2 Rhe8 29. Bg6 g4 30. Bxe8 Qf3+ 31. Ke1 Rxe8 32. Kf1 g3 0-1

[Event " "]
[Site "Guingamp"]
[Date "11.??.??"]
[Round "7.5"]
[White "Picard, Clement"]
[Black "Gicquel, Frederic"]
[Result "1/2-1/2"]
[WhiteElo "2161"]
[BlackElo "2237"]
[PlyCount "62"]
[EventDate "11.??.??"]
[WhiteTeam "Migné-Auxances"]
[BlackTeam "Guingamp"]

1. e4 c5 2. Nc3 Nc6 3. g3 g6 4. Bg2 Bg7 5. d3 e6 6. Be3 Nd4 7. Nce2 Ne7 8. c3
Nxe2 9. Nxe2 d6 10. Qd2 Nc6 11. Bh6 Bxh6 12. Qxh6 Qe7 13. O-O Bd7 14. Rab1 f6
15. b4 cxb4 16. cxb4 O-O-O 17. Qe3 Kb8 18. Rb3 h5 19. h3 e5 20. d4 Rc8 21. Ra1
Rh7 22. d5 Nd8 23. Nc3 h4 24. g4 f5 25. f3 f4 26. Qf2 Be8 27. Ra3 b6 28. Bf1 g5
29. Rb3 Qb7 30. Ra3 Qd7 31. Rb3 Qb7 1/2-1/2

[Event " "]
[Site "Guingamp"]
[Date "11.??.??"]
[Round "7.6"]
[White "Ragot, Nicolas"]
[Black "Fougerit, Valentin"]
[Result "0-1"]
[WhiteElo "2209"]
[BlackElo "2205"]
[PlyCount "64"]
[EventDate "11.??.??"]
[WhiteTeam "Guingamp"]

1. c4 b6 2. Nc3 Bb7 3. e4 e6 4. Nge2 d5 5. cxd5 exd5 6. Nxd5 Nf6 7. Nxf6+ Qxf6
8. Nc3 Bc5 9. Qf3 Qxf3 10. gxf3 Nc6 11. Bb5 O-O-O 12. Bxc6 Bxc6 13. a3 f5 14.
Ke2 Rhf8 15. d3 fxe4 16. Nxe4 Bd4 17. Be3 Bxb2 18. Rab1 Bxa3 19. Ra1 Bb4 20.
Rxa7 Kb8 21. Ra2 Bb5 22. Rd1 Rxd3 23. Rxd3 Rd8 24. Kd1 Bxd3 25. Kc1 Rf8 26. Ra4
c5 27. Ng5 Rf6 28. f4 b5 29. Ra1 Bc3 30. Ra3 b4 31. Rxc3 bxc3 32. Bxc5 Ra6 0-1

[Event " "]
[Site "Guingamp"]
[Date "11.??.??"]
[Round "7.7"]
[White "Saada, Julien"]
[Black "Bodenez, Vincent"]
[Result "1-0"]
[WhiteElo "2246"]
[BlackElo "2200"]
[PlyCount "71"]
[EventDate "11.??.??"]
[WhiteTeam "Migné-Auxances"]
[BlackTeam "Guingamp"]

1. d4 Nf6 2. Bg5 e6 3. e4 c5 4. e5 h6 5. Bc1 Nh7 6. d5 d6 7. Bb5+ Bd7 8. Bc4
Qe7 9. dxe6 Bxe6 10. exd6 Qd7 11. Qe2 Nc6 12. Bxe6 fxe6 13. Qh5+ Kd8 14. Nf3
Bxd6 15. O-O Kc7 16. Nc3 a6 17. Ne4 Nf6 18. Nxf6 gxf6 19. Be3 b6 20. Rad1 Qg7
21. Nd2 Rag8 22. g3 Qg6 23. Qe2 Qxc2 24. Qxa6 Ra8 25. Qb5 Ra5 26. Qc4 Qf5 27.
Ne4 Be5 28. Nc3 Bxc3 29. bxc3 h5 30. Bf4+ e5 31. Qf7+ Kc8 32. Rd6 Nd8 33. Qd5
c4 34. Qxc4+ Rc5 35. Qa6+ Kb8 36. Rxb6+ 1-0

[Event " "]
[Site "Guingamp"]
[Date "11.??.??"]
[Round "7.8"]
[White "Le Diouron, Aurelie"]
[Black "Boulan, Laura"]
[Result "1-0"]
[WhiteElo "2021"]
[BlackElo "1937"]
[PlyCount "65"]
[EventDate "11.??.??"]
[WhiteTeam "Guingamp"]

1. e4 e5 2. Nf3 Nc6 3. d4 exd4 4. Nxd4 d6 5. Nxc6 bxc6 6. Bc4 Nf6 7. Nc3 Be7 8.
O-O O-O 9. Qe2 Nd7 10. f4 Bf6 11. Bd2 Re8 12. Qf3 Rb8 13. b3 Nc5 14. Rae1 Ne6
15. e5 d5 16. exf6 dxc4 17. Ne4 Nd4 18. Qg3 Nf5 19. Qf2 cxb3 20. Bc3 bxc2 21.
fxg7 Re6 22. Qxc2 Ba6 23. Rd1 Qe7 24. Rfe1 Rxe4 25. Rxe4 Qc5+ 26. Kh1 Nd6 27.
Re5 Qc4 28. Rde1 Qxf4 29. Rh5 f5 30. Be5 Qg4 31. Rh3 Ne4 32. a4 Rb7 33. Qa2+
1-0

[Event " "]
[Site "Niort"]
[Date "11.??.??"]
[Round "7.1"]
[White "David, Vincent"]
[Black "Delaunay, Sebastien"]
[Result "1-0"]
[WhiteElo "2373"]
[BlackElo "2344"]
[PlyCount "73"]
[EventDate "11.??.??"]
[WhiteTeam "Niort"]
[BlackTeam "C.E. Nantes"]

1. d4 Nf6 2. c4 g6 3. Nc3 d5 4. cxd5 Nxd5 5. Bd2 Bg7 6. e4 Nb6 7. Be3 O-O 8.
Be2 e5 9. dxe5 Qxd1+ 10. Rxd1 Bxe5 11. Rc1 Re8 12. Nf3 Bxc3+ 13. Rxc3 Rxe4 14.
Rxc7 Nc6 15. Ng5 Re7 16. Rxe7 Nxe7 17. O-O Nbd5 18. Bd4 h6 19. Ne4 Nc6 20. Rd1
Nxd4 21. Rxd4 Nb6 22. Rd8+ Kg7 23. Nc5 Kf6 24. Re8 Be6 25. Rxa8 Nxa8 26. Nxe6
Kxe6 27. Bf3 Nb6 28. Bxb7 a5 29. Kf1 Ke5 30. Ke2 Na4 31. Ke3 Nxb2 32. f4+ Kd6
33. Kd4 f6 34. Be4 g5 35. fxg5 fxg5 36. Bc2 a4 37. a3 1-0

[Event " "]
[Site "Niort"]
[Date "11.??.??"]
[Round "7.2"]
[White "Gerard, Nicolas"]
[Black "Demuth, Adrien"]
[Result "1-0"]
[WhiteElo "2307"]
[BlackElo "2165"]
[PlyCount "83"]
[EventDate "11.??.??"]
[WhiteTeam "C.E. Nantes"]

1. d4 Nf6 2. c4 g6 3. Nc3 Bg7 4. e4 d6 5. f4 O-O 6. Nf3 c5 7. d5 e6 8. Be2 exd5
9. cxd5 Bg4 10. O-O Nbd7 11. Re1 Ne8 12. Ng5 Bxe2 13. Rxe2 a6 14. a4 Nc7 15. e5
dxe5 16. d6 Ne6 17. Nxe6 fxe6 18. Qb3 exf4 19. Qxe6+ Kh8 20. Nd5 Bd4+ 21. Kh1
f3 22. gxf3 Qh4 23. Kg2 Qh5 24. Bf4 g5 25. Re5 Rae8 26. Ne7 Rd8 27. Rxg5 Qh4
28. Be3 Nf6 29. Rd1 Bxe3 30. Qxe3 Qxa4 31. Rd2 Qe8 32. Qe5 Qf7 33. Kh1 Qc4 34.
Rg1 Qb3 35. Rg3 Qf7 36. Rdg2 Rfe8 37. Rg5 c4 38. Rf5 Rf8 39. Rxf6 Qxf6 40. Rg8+
Rxg8 41. Qxf6+ Rg7 42. Nf5 1-0

[Event " "]
[Site "Niort"]
[Date "11.??.??"]
[Round "7.3"]
[White "Lagarde, Maxime"]
[Black "Rihouay, Clement"]
[Result "1/2-1/2"]
[WhiteElo "2169"]
[BlackElo "2192"]
[PlyCount "100"]
[EventDate "11.??.??"]
[WhiteTeam "Niort"]
[BlackTeam "C.E. Nantes"]

1. e4 c5 2. Nf3 d6 3. d4 cxd4 4. Nxd4 Nf6 5. Nc3 g6 6. Be3 Bg7 7. f3 Nc6 8. Bc4
Bd7 9. Qd2 O-O 10. O-O-O Ne5 11. Bb3 Qa5 12. Kb1 Rfc8 13. h4 b5 14. Ncxb5 Qxd2
15. Rxd2 Rab8 16. Nc3 a5 17. a4 Nc4 18. Bxc4 Rxc4 19. Nb3 Bxa4 20. Nxa4 Rxa4
21. Rd4 Rxd4 22. Nxd4 Nd7 23. c3 Ne5 24. Kc2 Nc4 25. Bc1 Bxd4 26. cxd4 a4 27.
Rd1 d5 28. exd5 Nb6 29. d6 exd6 30. d5 Rc8+ 31. Kb1 Rc5 32. Bf4 Rxd5 33. Rxd5
Nxd5 34. Bxd6 f5 35. g4 fxg4 36. fxg4 Ne3 37. g5 Kf7 38. Bc5 Nf5 39. Ka2 Nxh4
40. Ka3 Ke6 41. Kxa4 Kd5 42. b4 Nf5 43. Kb5 h6 44. gxh6 Nxh6 45. Ka6 Nf5 46.
Bf8 Nd4 47. Bg7 Ne6 48. Bc3 g5 49. b5 Kc4 50. Be5 Nc5+ 1/2-1/2

[Event " "]
[Site "Niort"]
[Date "11.??.??"]
[Round "7.4"]
[White "Delorme, Alban"]
[Black "Tranchant, Sebastien"]
[Result "0-1"]
[WhiteElo "2236"]
[BlackElo "2209"]
[PlyCount "62"]
[EventDate "11.??.??"]
[WhiteTeam "C.E. Nantes"]

1. e4 c5 2. Nf3 d6 3. d4 cxd4 4. Nxd4 Nf6 5. f3 e5 6. Bb5+ Bd7 7. Bxd7+ Nbxd7
8. Nf5 d5 9. exd5 Nb6 10. c4 Nxc4 11. Nc3 Qd7 12. Qe2 Qxf5 13. Qxc4 Rc8 14.
Qb5+ Qd7 15. Qe2 Bc5 16. Bg5 Bd4 17. Bxf6 Bxc3+ 18. bxc3 gxf6 19. Qd3 Rc5 20.
Rd1 O-O 21. O-O Rfc8 22. f4 Rxc3 23. Qe2 Qf5 24. d6 e4 25. Rd4 Rd8 26. Rfd1 Rc6
27. d7 Rc7 28. Rxe4 Rdxd7 29. Re8+ Kg7 30. Rf1 Rc2 31. Qf3 Rdd2 0-1